NBA Players from UCF - Statistics

General Stats
  • This quiz has been taken 21 times
    6 since last reset
  • The average score is 1 of 8
Answer Stats
Position Player Draft Year % Correct
C Tacko Fall 2019
100%
G Matt Williams 2017
20%
PF Taylor Hendricks 2023
20%
PG Brandon Goodwin 2018
0%
G Jermaine Taylor 2009
0%
G Joey Graham 2005
0%
SF Mark Jones 2004
0%
GF Stephen Graham 2005
0%
No matching quizzes found
Score Distribution
Percent of People with Each Score
Percentile by Number Answered
Your Score History
You have not taken this quiz since the last reset